Holiday Quiz

Random Holiday or Clickable Quiz

Complete the Halloween Jokes II Quiz Stats

 Plays Quiz Updated Oct 9, 2017

Support Sporcle.
Go Orange.
Score 0/25 Timer 06:00
4 Plays Today
% Correct
A blood bank
92%
A nectarine
91.4%
The living room
91%
She was already a mummy
90.9%
Because it raises their spirits
90.4%
He was all bite and no bark
90.3%
Ground him
90.3%
An amoeboo
90.2%
The Ghoul Scouts
90%
It didn't have a haunting license
89.9%
Dead ends
89.8%
Whipped scream
89.8%
A grave problem
89.7%
% Correct
Wrap music
89.6%
They're a bunch of no-bodies
88.9%
Every night they turn into bats
88.8%
Forever 21
88.6%
Petrified
88.5%
Everybody is dying to get in
88.3%
They're afraid they'll relax and unwind
88.2%
They got booed off the stage
87.1%
Coffin drops
86.8%
The Dead Sea and Eerie Canal
85.8%
Any old friend he could dig up
84.6%
He was all wound up
83%

From the Vault

Sporcle Speed-Picking XI

by BillyJoelRulez

Only speed-pickers need apply.
Remove Ads.
Support Sporcle.
Get the best of Sporcle when you Go Orange. This ad-free experience offers more features, more stats, and more fun while also helping to support Sporcle. Thank you for becoming a member.

Show Comments

Extras

Top Quizzes Today


Score Distribution

Your Account Isn't Verified!

In order to create a playlist on Sporcle, you need to verify the email address you used during registration. Go to your Sporcle Settings to finish the process.

Report this User

Report this user for behavior that violates our Community Guidelines.

Details: